000 00883cam a2200265 a 4500
001 000005485
005 20240503073630.0
008 950615s1999 sp b 001 1 spa
020 _a8437613159
040 _aDO-SdBNP
_bspa
_cBNPHU
082 _a863.3
_bC419g, 1999
100 1 _aCervantes Saavedra, Miguel de,
_d1547-1616
_93070
245 1 3 _aLa Galatea /
_cMiguel de Cervantes ; edición, Francisco López Estrada y Ma. Teresa López García-Berdoy.
250 _a2a ed.
260 _aMadrid :
_bCátedra,
_c1999.
300 _a662 p. ;
_c18 cm.
490 1 _aLetras hispánicas
_v389
650 4 _aNovela española
_91123
650 4 _aLiteratura española
_9632
700 1 _aLópez Estrada, Francisco,
_eed.
_915559
700 1 _aLópez García-Berdoy, Teresa,
_eed.
_915560
830 0 _aLetras hispánicas ;
_v389
_94208
910 _aCatalogación derivada
910 _aWM
999 _c5284
_d5284